| 000 | nam a22 7a 4500 | ||
|---|---|---|---|
| 999 |
_c4828 _d4828 |
||
| 005 | 20200709143819.0 | ||
| 008 | 200709p2020 my ||||| |||| 00| 0 eng d | ||
| 020 |
_a9789677010390 _cRM 42 |
||
| 040 | _aAKMAL | ||
| 082 | _a343.5950558 MAL | ||
| 090 |
_a343.5950558 _b MAL |
||
| 245 |
_aAkta Cukai Perkhidmatan 2018 : _bPeraturan-peraturan Cukai Perkhidmatan 2018 / Peraturan-peraturan Cukai Perkhidmatan (Ketetapan Kastam) 2018 / Perintah Cukai Perkhidmatan (Pengenaan Cukai Bagi Perkhidmatan Bercukai Berkenaan Dengan Kawasan Ditetapkan Dan Kawasan Khas) 2018 / Perintah Cukai Perkhidmatan (Kadar Cukai) 2018 / Peraturan-Peraturan Cukai Perkhidmatan (Pengkompaunan Kesalahan) 2018 _cDisusun semula oleh: Penasihat Undang-undang MDC |
||
| 260 |
_aKuala Lumpur _bMDC Publishers Sdn Bhd _c2020 |
||
| 300 |
_a267ms _c26cm |
||
| 650 |
_aTax administration and procedure _zMalaysia _9182 |
||
| 710 |
_aPenasihat Undang-Undang MDC _9405 |
||
| 942 |
_2ddc _cBOOK |
||